La réponse est un ... astre ! - Statistiques

Statistiques générales
  • Ce quiz a été pris 247 fois
  • Le résultat moyen est 9 sur 13
Statistiques - réponses
Questions Réponses % Correct
Déesse de l'amour dans la mythologie romaine. Vénus
94%
Étoile de notre système solaire. Soleil
91%
La lune est l'unique "_____ naturel" de la terre. Satellite
88%
5ème planète en partant du soleil. Jupiter
82%
D'après le générique de "Capitaine Flam", "il n'est pas de notre ...." Galaxie
81%
Planète sur laquelle serait né Superman. Krypton
75%
Planète d’où viennent les extras-terrestres dans un film de Tim Burton en 1993. Mars
74%
Celle de "Halley" est la plus connue. Comète
73%
Dans le film "Armageddon", une équipe est envoyée dans l'espace afin d'en détruire "un" qui menace de s'écraser sur terre. Astéroïde
72%
Nom de la station spatiale de combat construite par l'Empire Galactique dans la saga "Star Wars" Étoile Noire
60%
Les Sélénites était le nom donné aux habitant autrefois présumé de cette astre. Lune
57%
Nom donné à une planète située en dehors du Système solaire. Exoplanète
56%
C'est aussi un élément chimique de numéro atomique 80, de symbole Hg. Mercure
47%
Aucun quiz correspondant
Distribution des résultats
% des personnes avec chaque résultat
Percentile par nombre de réponses
Votre historique - résultats
Vous n’avez pas pris ce quiz